| 000 | 00615nam a22002057a 4500 | ||
|---|---|---|---|
| 003 | OSt | ||
| 005 | 20250815090806.0 | ||
| 008 | 240722b |||||||| |||| 00| 0 eng d | ||
| 020 | _a9781770851016 | ||
| 040 |
_aDWCL-Main lib. _cOC |
||
| 082 | _aCirc. 641.652 Ed263 2012 | ||
| 100 | _aEdwards, Natasha | ||
| 245 |
_aGarlic : the mighty bulb/ _cNatasha Edwards |
||
| 260 |
_aNew York: _bFirefly Book, _cc2012. |
||
| 300 |
_a159 pages : _bsome color illustrations ; _c24cm. |
||
| 650 | _a1. Cooking (Garlic). | ||
| 650 | _a2. Garlic --- Health aspects. | ||
| 650 | _a3. Garlic. | ||
| 942 |
_2ddc _cBK-CIRC _kCirc. _n0 |
||
| 999 |
_c2533 _d2533 |
||